01145nas a2200289 4500001001300000003000900013005001700022007000300039008003400042040005400076041000900130072000800139100002400147100002100171245009200192246008900284650001100373650002100384650001400405650001600419773011200435856007600547909004000623942001800663999001900681952015500700BR2011000275BR-BrBNA20231205115949.0ta230509b bl.|||p| |||| 00| 00por d aBR-BrBNAbporcBiblioteca Nacional de Agricultura a(Pt) aL601 aMarques-Costa, A.P.1 aCavichioli, R.R.1 aNota sinonímica em Chinaia Bruner Metcalf (Hemiptera, Cicadellidae, Neocoelidiinae)1 aSynonymic note in Chinaia Bruner Metcalf (Hemiptera, Cicadellidae, Neocoelidiinae) aINSETO aTAXONOMIA ANIMAL aHEMIPTERA aENTOMOLOGIA0 tRevista Brasileira de Entomologia (Brazil)xISSN 0085-5626g(Jan-Mar 2009), v. 53(1) p. 49-54wBR20110002754 uhttp://www.scielo.br/pdf/rbent/v53n1/13.pdfyRecurso eletrônico (PDF) a202311bLúciac55dLúcia Elande 2AGRISn0cANA c216503d216503 002AGRIS4071a41918b41918cPeriódicos Agrícolash(Jan-Mar 2009), v. 53(1) p. 49-54l0r2023-11-29t01yCRePortaria Interministerial nº 164/94